000 00738nam a2200217Ii 4500
003 JO-AjNU
008 230605s9999||||xx |||||||||||||| ||und||
017 _a1996/11893
020 _a977-01-5013-4
040 _aJO-AjNU
_bara
_erda
_cJO-AjNU
041 _aara
050 1 4 _aHM261.H37 1996
100 3 _aحاتم، محمد عبدالقادر,
_eauthor
_939593
245 0 0 _aديمقراطية الاعلام والاتصال
264 3 1 _aالقاهرة: الهيئة المصرية العامة للكتاب، 1996
300 _a191ص
336 _atext
_btxt
_2rdacontent
337 _aunmediated
_bn
_2rdamedia
338 _avolume
_bnc
_2rdacarrier
650 4 _aالاعلام - الاتصال - علم الاجتماع
_939594
999 _aA16734
_c20302
_d20302